banner-ar

DIE ORIENTALISCHEN HANDSCHRIFTEN DER HERZOGLICHEN BIBLIOTHEK ZU GOTHA / (Record no. 15549)

MARC details
000 -الفاتح
حقل البيانات ثابتة الطول 00490nam a2200169Ia 4500
040 ## - مصدر الفهرسة
وكالة الفهرسة الأصلية GCL /
وكالة النسخ GCL
082 04 - رقم تصنيف ديوى العشرى
رقم التصنيف REF
رقم المادة 011.31
-- P A
100 1# - المدخل الرئيسى - إسم شخصى
الإسم الشخصى PERTSCH, WILHELM
245 10 - بيان العنوان
العنوان DIE ORIENTALISCHEN HANDSCHRIFTEN DER HERZOGLICHEN BIBLIOTHEK ZU GOTHA /
بيان المسئوليه,etc PERTSCH, WILHELM
260 ## - PUBLICATION, DISTRIBUTION, ETC. (IMPRINT)
تاريخ النشر أو التوزيع 1892
650 04 - المدخل الاضافى بالموضوع-مصطلح موضوعى
مصطلح موضوعي MANUSCRIPTS
650 04 - المدخل الاضافى بالموضوع-مصطلح موضوعى
مصطلح موضوعي BIBLIOGRAPHIES
650 04 - المدخل الاضافى بالموضوع-مصطلح موضوعى
مصطلح موضوعي MANUSCRIPTS, ARABIC
650 04 - المدخل الاضافى بالموضوع-مصطلح موضوعى
مصطلح موضوعي ARABIC MANUSCRIPTS -GERMAN
942 ## - عناصر المدخل الإضافي( كوها)
مصدر التصنيف او مخطط الترفيف Dewey Decimal Classification
Koha [default] item type كتاب
260 ## - PUBLICATION, DISTRIBUTION, ETC. (IMPRINT)
-- [S.N] :
-- FRIEDR ANDR PERTHES ،
Holdings
حالة التراجع حالة الفقد حالة تلف ليس للاعارة المكان المؤقت الموقع الحالى تاريخ الاكتساب اجمالي اﻻعارات رقم الطلب الباركود تاريخ اخر مشاهدة تاريخ تفعيل السعر نوع وعاء كوها
        مكتبة القاهرة الكبرى مكتبة القاهرة الكبرى 03/26/2014   REF\011.31\P A 28751 03/26/2014 03/26/2014 كتاب
        مكتبة القاهرة الكبرى مكتبة القاهرة الكبرى 03/26/2014   REF\011.31\P A 28752 03/26/2014 03/26/2014 كتاب
        مكتبة القاهرة الكبرى مكتبة القاهرة الكبرى 03/26/2014   REF\011.31\P A 28753 03/26/2014 03/26/2014 كتاب
        مكتبة القاهرة الكبرى مكتبة القاهرة الكبرى 03/26/2014   REF\011.31\P A 28754 03/26/2014 03/26/2014 كتاب
        مكتبة القاهرة الكبرى مكتبة القاهرة الكبرى 03/26/2014   REF\011.31\P A 28755 03/26/2014 03/26/2014 كتاب

Powered By

EGPV